000 00472nam a2200193 a 4500
001 1765017166711
003 ACL
005 20251206161525.0
008 251206s2008##################000#0#eng##
020 _a9781845933517
082 0 4 _a630
_bFIS
100 1 _aFish, Robert,
_eauthor.
245 1 0 _aSustainable Farmland Management :
260 _bCABI,
_c2008.
300 _a279 pages
650 0 _aBusiness & Economics.
942 _cENGLISH
040 _aACL
_beng
_cACL
999 _c601483
_d601483